Telugu -Kannada nighantu. (Record no. 107377)

MARC details
000 -LEADER
fixed length control field 00643nam a2200205Ia 4500
003 - CONTROL NUMBER IDENTIFIER
control field OSt
005 - DATE AND TIME OF LATEST TRANSACTION
control field 20251031115806.0
008 - FIXED-LENGTH DATA ELEMENTS--GENERAL INFORMATION
fixed length control field 210210b2005 xxu||||| |||| 00| 0 eng d
020 ## - INTERNATIONAL STANDARD BOOK NUMBER
International Standard Book Number 81 260 1776 7
040 ## - CATALOGING SOURCE
Transcribing agency AL
082 ## - DEWEY DECIMAL CLASSIFICATION NUMBER
Classification number 413 PANT
100 ## - MAIN ENTRY--PERSONAL NAME
Personal name PANYAM RAMASHESHA SHASTRI. ed.
Dates associated with a name ಪಣ್ಯಂ ರಾಮಶೇಷ ಶಾಸ್ತ್ರಿ
9 (RLIN) 243353
245 ## - TITLE STATEMENT
Title Telugu -Kannada nighantu.
Remainder of title ತೆಲುಗು - ಕನ್ನಡ ನಿಘಂಟು.
260 ## - PUBLICATION, DISTRIBUTION, ETC.
Place of publication, distribution, etc. N D
Name of publisher, distributor, etc. Sahitya Akademi
Date of publication, distribution, etc. 2005
300 ## - PHYSICAL DESCRIPTION
Extent 333
650 ## - SUBJECT ADDED ENTRY--TOPICAL TERM
Topical term or geographic name entry element Telugu Kannada Dictionary
9 (RLIN) 243354
690 ## - LOCAL SUBJECT ADDED ENTRY--TOPICAL TERM (OCLC, RLIN)
Topical term or geographic name as entry element Dictionaries
9 (RLIN) 243355
906 ## - LOCAL DATA ELEMENT F, LDF (RLIN)
a 060420
942 ## - ADDED ENTRY ELEMENTS (KOHA)
Source of classification or shelving scheme Dewey Decimal Classification
Koha item type Book
Holdings
Withdrawn status Lost status Source of classification or shelving scheme Damaged status Not for loan Collection code Home library Current library Date acquired Source of acquisition Cost, normal purchase price Total Checkouts Full call number Barcode Date last seen Price effective from Koha item type
    Dewey Decimal Classification   Reference Book Kannada St Aloysius Library St Aloysius Library 02/17/2021 Sahitya Akademi, New Delhi. 150.00   413 PANT 060420 02/17/2021 02/17/2021 Book